[Event "8th Palma de Mallorca it"]
[Site "Palma de Mallorca ESP"]
[Date "1972.12.14"]
[Round "14"]
[White "Smejkal, Jan"]
[Black "Bilek, Istvan"]
[Result "1-0"]
[WhiteElo "2545"]
[BlackElo "2485"]
[EventDate "1972.11.27"]
[PlyCount "85"]

1.c4 e5 2.Nc3 Nc6 3.Nf3 d6 4.d4 Bg4 5.d5 Nb8 6.e4 Be7 7.Be2 Nf6 8.O-O O-O 
9.Ne1 Bxe2 10.Qxe2 c6 11.Nd3 cxd5 12.cxd5 Nbd7 13.a4 Ne8 14.a5 Nc7 15.Qc2 
Na6 16.b4 Nc7 17.b5 a6 18.Qb3 axb5 19.Nxb5 Na6 20.Be3 Rc8 21.Na7 Rc7 22.
Bb6 Ndc5 23.Nxc5 Nxc5 24.Qc4 Qb8 25.Bxc7 Qxc7 26.Nb5 Qd7 27.Nc3 f5 28.exf5
Qxf5 29.f3 Bg5 30.Ne4 Be3+ 31.Kh1 Bd4 32.Rab1 Qd7 33.Nxc5 Bxc5 34.Rb5 h6 
35.Rfb1 Rf4 36.Qc2 e4 37.fxe4 Qg4 38.Qd1 Qg5 39.R5b2 Rxe4 40.Rxb7 Qf4 41.
a6 Bf2 42.Qh5 Ra4 43.Qe8+ 1-0

[Event "8th Palma de Mallorca it"]
[Site "Palma de Mallorca ESP"]
[Date "1972.12.16"]
[Round "15"]
[White "Bilek, Istvan"]
[Black "Gheorghiu, Florin"]
[Result "1/2-1/2"]
[WhiteElo "2485"]
[BlackElo "2520"]
[EventDate "1972.11.27"]
[PlyCount "34"]

1.c4 c5 2.Nc3 g6 3.g3 Bg7 4.Bg2 Nc6 5.e3 e6 6.Nge2 Nge7 7.O-O O-O 8.d4 
cxd4 9.Nxd4 Nxd4 10.exd4 d5 11.cxd5 Nxd5 12.Nxd5 exd5 13.Qb3 Be6 14.Be3 
Qd7 15.Rfe1 Rfc8 16.a4 h5 17.h4 Rc6 1/2-1/2

[Event "8th Palma de Mallorca it"]
[Site "Palma de Mallorca ESP"]
[Date "1972.12.16"]
[Round "15"]
[White "Calvo Minguez, Ricardo"]
[Black "Averbakh, Yury"]
[Result "1-0"]
[WhiteElo "2330"]
[BlackElo "2550"]
[EventDate "1972.11.27"]
[PlyCount "121"]

1.e4 e5 2.Nf3 Nc6 3.Nc3 g6 4.Bc4 Bg7 5.d3 Nf6 6.O-O O-O 7.Bg5 h6 8.Be3 d6 
9.a3 Kh7 10.b4 Nh5 11.b5 Na5 12.Ba2 Be6 13.Nd5 c6 14.bxc6 bxc6 15.Nb4 Nf4 
16.c4 c5 17.Nd5 g5 18.Bxf4 exf4 19.d4 Nc6 20.dxc5 dxc5 21.e5 Nxe5 22.Nxe5 
Bxe5 23.Qc2+ Kg7 24.Rad1 Bd4 25.Bb1 Rh8 26.Rfe1 Qd6 27.Nc3 Bg4 28.Rd2 Rae8
29.Rxe8 Rxe8 30.h3 Bh5 31.Qh7+ Kf8 32.Nb5 Qf6 33.Be4 g4 34.hxg4 Bxg4 35.
Nxd4 cxd4 36.c5 Bd7 37.Rd1 Ba4 38.Rc1 f3 39.Bxf3 Re5 40.c6 Qf4 41.Qb1 Rb5 
42.Qa1 Rb8 43.Rc4 Bb3 44.Rxd4 Qf6 45.c7 Re8 46.Qc3 Be6 47.Qc5+ Kg7 48.Bg4 
Bc8 49.Bxc8 Rxc8 50.Rg4+ Kh7 51.g3 Qa1+ 52.Kh2 Qf6 53.Rf4 Qe6 54.Qxa7 Qd5 
55.Qb6 h5 56.a4 Qd7 57.Qb5 Kg6 58.Qe5 f5 59.Rd4 Qf7 60.Rd6+ Kh7 61.Rf6 1-0

[Event "8th Palma de Mallorca it"]
[Site "Palma de Mallorca ESP"]
[Date "1972.12.16"]
[Round "15"]
[White "Ivkov, Borislav"]
[Black "Robatsch, Karl"]
[Result "1-0"]
[WhiteElo "2520"]
[BlackElo "2460"]
[EventDate "1972.11.27"]
[PlyCount "57"]

1.c4 g6 2.g3 Bg7 3.Bg2 c5 4.Nc3 Nc6 5.a3 e6 6.Rb1 a5 7.Nf3 Nge7 8.O-O O-O 
9.d3 d5 10.Bf4 d4 11.Na4 b6 12.Ne5 Bb7 13.Nxc6 Bxc6 14.Bxc6 Nxc6 15.Qb3 e5
16.Bd2 Rb8 17.Qb5 Qc8 18.Nxb6 Qe6 19.Qxc5 Rfd8 20.Qb5 Na7 21.Qxa5 Qxb6 22.
Qxb6 Rxb6 23.Ba5 Rdb8 24.Bxb6 Rxb6 25.b4 Bf8 26.b5 Bc5 27.a4 Kf8 28.a5 Rb8
29.b6 1-0

[Event "8th Palma de Mallorca it"]
[Site "Palma de Mallorca ESP"]
[Date "1972.12.16"]
[Round "15"]
[White "Pomar Salamanca, Arturo"]
[Black "Ljubojevic, Ljubomir"]
[Result "0-1"]
[WhiteElo "2460"]
[BlackElo "2550"]
[EventDate "1972.11.27"]
[PlyCount "66"]

1.Nf3 Nf6 2.d4 c5 3.c4 cxd4 4.Nxd4 b6 5.Nc3 Bb7 6.Bg5 a6 7.Qc2 h6 8.Bh4 
Qc7 9.e3 e6 10.Nf3 d6 11.Be2 Nbd7 12.h3 Be7 13.O-O g5 14.Bg3 g4 15.hxg4 
Nxg4 16.Nd4 Rg8 17.Bxg4 Rxg4 18.Qe2 h5 19.Rac1 Nf6 20.e4 Nxe4 21.Nxe4 Rxe4
22.Qxh5 Bf6 23.Nb3 Rxc4 24.Bxd6 Qc6 25.Qh2 Bxb2 26.Rxc4 Qxc4 27.Bc7 Qc6 
28.Qg3 Rc8 29.Bd6 Qe4 30.Rd1 Qg6 31.Qh3 Rd8 32.Qh2 Be5 33.f4 Rxd6 0-1